000 00399nam a2200169Ia 4500
003 Ost
005 20260225132600.0
008 260225s9999||||xx |||||||||||||| ||und||
020 _a9782764406144
040 _cfsic
041 _afre
082 _a70.4
100 _aTHIBAUDEAU
_eAuteur
245 0 _aGuide de la communication écrite :
245 0 _bEN ANGLAIS /
_cTHIBAUDEAU
942 _cكتاب
999 _c34721
_d34721